Most expensive football transfers by year of birth - Statistics

General Stats
  • This quiz has been taken 38 times
  • The average score is 23 of 25
Answer Stats
Year of birth Fee (M €) Season Nationality Left Joined Player % Correct
1985 117,00 2018-2019 Portugal Real Madrid Juventus Cristiano Ronaldo
97%
1989 101,00 2013-2014 Wales Tottenham Real Madrid Gareth Bale
97%
2003 103,00 2023-2024 England Borussia Dortmund Real Madrid Jude Bellingham
97%
1992 222,00 2017-2018 Brazil Barcelona Paris SG Neymar
97%
1981 69,50 2009-2010 Sweden Inter Barcelona Zlatan Ibrahimović
97%
1991 120,80 2019-2020 Belgium Chelsea Real Madrid Eden Hazard
95%
1984 58,50 2010-2011 Spain Liverpool Chelsea Fernando Torres
95%
1986 56,00 2016-2017 Brazil Zenit S-Pb Shanghai SIPG Hulk
95%
2002 90,00 2023-2024 Croatia RB Leipzig Manchester City Josko Gvardiol
95%
1998 180,00 2018-2019 France Monaco Paris SG Kylian Mbappé
95%
1997 135,00 2017-2018 France Borussia Dortmund Barcelona Ousmane Dembélé
95%
1993 113,00 2021-2022 Belgium Inter Chelsea Romelu Lukaku
95%
1988 75,00 2014-2015 Argentina Real Madrid Manchester United Ángel Di María
92%
1999 127,20 2019-2020 Portugal Benfica Atlético Madrid João Félix
92%
1982 67,00 2009-2010 Brazil AC Milan Real Madrid Kaká
92%
1980 32,35 2003-2004 Brazil Paris SG Barcelona Ronaldinho
92%
2000 95,00 2022-2023 Brazil Ajax Manchester United Antony
89%
2001 121,00 2022-2023 Argentina Benfica Chelsea Enzo Fernández
89%
1987 90,00 2016-2017 Argentina SSC Napoli Juventus Gonzalo Higuaín
89%
1995 117,50 2021-2022 England Aston Villa Manchester City Jack Grealish
86%
1994 80,00 2018-2019 Spain Athletic Chelsea Kepa Arrizabalaga
84%
1990 60,00 2020-2021 Bosnia and Herzegovina Juventus Barcelona Miralem Pjanic
84%
1996 80,60 2020-2021 Brazil Barcelona Juventus Arthur Melo
81%
1983 35,50 2008-2009 Brazil Sevilla FC Barcelona Dani Alves
76%
2004 62,10 2023-2024 Belgium Southampton Chelsea Roméo Lavia
68%
No matching quizzes found
Score Distribution
Percent of People with Each Score
Percentile by Number Answered
Your Score History
You have not taken this quiz